| 000 | 00782nam a22002177a 4500 | ||
|---|---|---|---|
| 003 | OTs | ||
| 005 | 20260601171020.0 | ||
| 008 | 260520b2007\\\\|||ao|||\||||\00|\0\spa\d | ||
| 040 |
_aICI _bspa _cICI _erda |
||
| 050 |
_aHD58.8 _bI53 2007 |
||
| 245 |
_aindustrial _bCanacintra promueve y fomenta el desarrollo de empresas mediante una cultura de innovación y diseño |
||
| 264 |
_aQuerétaro _bCANACINTRA _c2007 |
||
| 300 | _a10 Páginas | ||
| 336 |
_2rdacontent _atexto |
||
| 337 |
_2rdamedia _asin medio |
||
| 338 |
_2rdacarrier _avolumen |
||
| 650 |
_aInnovación tecnológica _vPublicaciones periódicas _zMéxico _934604 |
||
| 650 |
_aDesarrollo industrial _vRevistas _zMéxico _934605 |
||
| 650 |
_aDiseño industrial _vPublicaciones periódicas _zMéxico _934606 |
||
| 942 |
_2lcc _n1 _cB |
||
| 999 |
_c20865 _d20865 |
||